| 000 | 00315nam a2200109Ia 4500 | ||
|---|---|---|---|
| 008 | 230907s9999||||xx |||||||||||||| ||und|| | ||
| 082 |
_a660.28423 _bBEN |
||
| 100 |
_aBenitez, Jaime, _9116180 |
||
| 245 | 0 | _aPrinciples and modern applications of mass transfer operations / | |
| 300 | _axxix, 588 pages ; | ||
| 942 | _cBK | ||
| 999 |
_c601517 _d601517 |
||